000 00368nam a22001577a 4500
020 _a9789332542426
082 _a515.1
_bWEI/TH
100 _aThomas,George B.Jr
_91231
245 _aThomas' Calculus
250 _a12
260 _aChennai
_bPearson
_c2016
300 _a988, A.1 - t6
700 _aWeir,Maurice D.
_91232
700 _aHass, Joel
_91233
942 _cBBS
999 _c14704
_d14704